000
00226 a2200109 4500
245
_a
Physical geography
_h
Text
020
_a
9780415559300
100
_a
Joseph Holden
650
_a
GEOGRAPHY
005
20191017173700.0
260
_c
2011
084
_a
NONE
999
_c
10590
_d
10590